Fr. Conceicao Rodrigues College of Engineering

APPLIED SCIENCE (Record no. 36033)

MARC details
000 -LEADER
fixed length control field 00357nam a22001337a 4500
003 - CONTROL NUMBER IDENTIFIER
control field OSt
005 - DATE AND TIME OF LATEST TRANSACTION
control field 20240119105730.0
008 - FIXED-LENGTH DATA ELEMENTS--GENERAL INFORMATION
fixed length control field 240119b |||||||| |||| 00| 0 eng d
040 ## - CATALOGING SOURCE
Transcribing agency
082 ## - DEWEY DECIMAL CLASSIFICATION NUMBER
Edition number I
Classification number 372.1/PAW/SUT
245 ## - TITLE STATEMENT
Title APPLIED SCIENCE
Remainder of title PHYSISCS AND CHEMISTRY
Statement of responsibility, etc. PAWAR M S AND SUTAR M A
260 ## - PUBLICATION, DISTRIBUTION, ETC.
Place of publication, distribution, etc. PUNE
Name of publisher, distributor, etc. NIRALI PRAKASHAN
Date of publication, distribution, etc. 2024
942 ## - ADDED ENTRY ELEMENTS (KOHA)
Source of classification or shelving scheme Dewey Decimal Classification
Koha item type BOOK
Suppress in OPAC No
Holdings
Withdrawn status Lost status Source of classification or shelving scheme Damaged status Not for loan Collection Home library Current library Date acquired Source of acquisition Total Checkouts Full call number Barcode Date last seen Price effective from Koha item type
    Dewey Decimal Classification     AFT AGNEL TECHNICAL COLLEGE LIBRARY AGNEL TECHNICAL COLLEGE LIBRARY 19/01/2024 COMPLIMENTARY   371.2/PAW/SUT AFT8335 19/01/2024 19/01/2024 BOOK